书目信息 |
| 题名: |
谷子高产栽培
|
|
| 作者: | 齐玉志 | |
| 分册: | ||
| 出版信息: | 1992.12 |
|
| 页数: | 69页 | |
| 开本: | 19cm | |
| 丛书名: | ||
| 单 册: | ||
| 中图分类: | S515 | |
| 科图分类: | ||
| 主题词: | 禾谷类作物 | |
| 电子资源: | ||
| ISBN: | 7-80025-682- | |
| 000 | 00488nam0 2200193 45 | |
| 001 | 0308271067 | |
| 005 | 20030827105609.7 | |
| 010 | @a7-80025-682-@dRMB2.00 | |
| 100 | @a20030827d1992 km y0chiy0120 ea | |
| 101 | @achi | |
| 105 | @a z 000yy | |
| 200 | 1 | @a谷子高产栽培@Agu zi gao chan zai pei@f齐玉志@Fqi yu zhi |
| 210 | @d1992.12 | |
| 215 | @a69页@c无图表@d19cm | |
| 606 | 0 | @a禾谷类作物 |
| 690 | @aS515@v3 | |
| 701 | 0 | @a齐玉志 |
| 801 | @aCN@b@c20030827 | |
| 905 | @aBZT@dS515@e222 | |
| 谷子高产栽培/齐玉志.-1992.12 |
| 69页:无图表;19cm |
| ISBN 7-80025-682-:RMB2.00 |
| ● |
| 相关链接 |
|
|
|
正题名:谷子高产栽培
索取号:S515/222
 
预约/预借
| 序号 | 登录号 | 条形码 | 馆藏地/架位号 | 状态 | 备注 |
| 1 | 100604 | 200007562 | 中心书库中库/ 中库033架A面5列6层57/ [索取号:S515/222] | 在馆 | |
| 2 | 100605 | 200007544 | 中心书库中库/ 中库033架A面5列6层60/ [索取号:S515/222] | 在馆 | |
| 3 | 100606 | 200007535 | 中心书库中库/ 中库033架A面5列6层59/ [索取号:S515/222] | 在馆 | |
| 4 | 100607 | 200015679 | 中心书库中库/ 中库033架A面5列6层51/ [索取号:S515/222] | 在馆 | |
| 5 | 100608 | 200007704 | 中心书库中库/ 中库033架A面5列6层52/ [索取号:S515/222] | 在馆 | |
| 6 | 100609 | 200007517 | 中心书库中库/ 中库033架A面5列6层58/ [索取号:S515/222] | 在馆 | |
| 7 | 100610 | 200015688 | 中心书库中库/ 中库033架A面5列6层53/ [索取号:S515/222] | 在馆 | |
| 8 | 100611 | 200015704 | 中心书库中库/ 中库033架A面5列6层54/ [索取号:S515/222] | 在馆 | |
| 9 | 100612 | 200007722 | 中心书库中库/ 中库033架A面5列6层55/ [索取号:S515/222] | 在馆 | |
| 10 | 100613 | 200007713 | 中心书库中库/ 中库033架A面5列6层56/ [索取号:S515/222] | 在馆 |